Property tax system in Delhi : final report (Record no. 415954)

000 -LEADER
fixed length control field 00475cam a22001217a 4500
008 - FIXED-LENGTH DATA ELEMENTS--GENERAL INFORMATION
fixed length control field 180718b1984 xxu||||| |||| 00| 0 eng d
082 ## - DEWEY DECIMAL CLASSIFICATION NUMBER
Classification number L23x5461 N213
245 ## - TITLE STATEMENT
Title Property tax system in Delhi : final report
Statement of responsibility, etc. by National Institute of Public Finance and Policy
260 ## - PUBLICATION, DISTRIBUTION, ETC.
Place of publication, distribution, etc. New Delhi
Name of publisher, distributor, etc. National Institute of Public Finance and Policy
Date of publication, distribution, etc. 1984
300 ## - PHYSICAL DESCRIPTION
Extent xiii,134p
650 ## - SUBJECT ADDED ENTRY--TOPICAL TERM
Topical term or geographic name entry element Property Taxes - India - Delhi
700 ## - ADDED ENTRY--PERSONAL NAME
Personal name India.National Institute of Public Finance and Policy
Holdings
Withdrawn status Lost status Damaged status Not for loan Permanent Location Current Location Date acquired Full call number Barcode Date last seen Price effective from Koha item type
        Indian Institute of Public Administration Indian Institute of Public Administration 2009-03-09 L23x5461 N213 D2109 2018-07-21 2018-07-21 D

Powered by Koha